| 000 | 01381nam0a22003251 4500 | ||
|---|---|---|---|
| 001 | rc\4088138 | ||
| 005 | 20250611084649.0 | ||
| 021 |
_aRU _b[49-29739] |
||
| 035 | _a(NLR Aleph) 008130330 | ||
| 090 |
_a9419710 _c9419710 |
||
| 100 | _a20130415d1949 |||y0rusy50 ca | ||
| 101 | 0 | _arus | |
| 102 | _aRU | ||
| 105 | _aa j ||||| | ||
| 200 | 1 |
_aРусская литература _eУчебник для VIII класса сред. школы _fПод общ. ред. Н.Л. Бродского |
|
| 205 | _a9-е изд., перераб. | ||
| 210 |
_aМосква _cУчпедгиз _d1949 _gтип. "Кр. пролетарий" (и др.) |
||
| 215 |
_a314 с. _cил. _d22 |
||
| 300 | _aПеред загл. авт.: Н. Поспелов, П. Шаблиовский, А. Зерчанинов | ||
| 606 |
_aРусская литература _jУчебники и пособия _2psbo |
||
| 606 |
_aЛитература _jУчебники и пособия _2psbo |
||
| 700 | 1 |
_aПоспелов _bН.И. _gНиколай Иванович |
|
| 701 | 1 |
_aШаблиовский _bП.В. _gПавел Владимирович |
|
| 701 | 1 |
_aЗерчанинов _bА.А. _gАлександр Александрович |
|
| 702 | 1 |
_aБродский _bН.Л. _4340 |
|
| 801 | 0 |
_aRU _bNLR _gpsbo |
|
| 801 | 1 |
_aRU _bELAR _2rusmarc |
|
| 852 |
_aNLR _jЛ20 Г-5/161 |
||
| 942 | _cBOOK | ||
| 980 | _aNB | ||